RF and microwave coupled-line circuits / (Record no. 178614)
[ view plain ]
| 000 -LEADER | |
|---|---|
| fixed length control field | 01248 a2200241 4500 |
| 003 - CONTROL NUMBER IDENTIFIER | |
| control field | Nust |
| 005 - DATE AND TIME OF LATEST TRANSACTION | |
| control field | 20230830094628.0 |
| 010 ## - LIBRARY OF CONGRESS CONTROL NUMBER | |
| LC control number | 99021677 |
| 020 ## - INTERNATIONAL STANDARD BOOK NUMBER | |
| Terms of availability | 0890068305 (alk. paper) |
| 035 ## - SYSTEM CONTROL NUMBER | |
| System control number | (DLC) 99021677 |
| 040 ## - CATALOGING SOURCE | |
| Transcribing agency | Nust |
| 082 00 - DEWEY DECIMAL CLASSIFICATION NUMBER | |
| Classification number | 621.3813,MON |
| 100 1# - MAIN ENTRY--PERSONAL NAME | |
| Personal name | Mongia, Rajesh. |
| 9 (RLIN) | 96997 |
| 245 10 - TITLE STATEMENT | |
| Title | RF and microwave coupled-line circuits / |
| Statement of responsibility, etc. | Rajesh Mongia, Inder Bahl, Prakash Bhartia. |
| 260 ## - PUBLICATION, DISTRIBUTION, ETC. | |
| Place of publication, distribution, etc. | Boston : |
| Name of publisher, distributor, etc. | Artech House, |
| Date of publication, distribution, etc. | c1999. |
| 300 ## - PHYSICAL DESCRIPTION | |
| Extent | xviii, 520 p. : |
| Other physical details | ill. ; |
| Dimensions | 24 cm. |
| 505 ## - FORMATTED CONTENTS NOTE | |
| Formatted contents note | Introduction (Page-1), Microwave Network Theory (Page-23), Characteristics of Planar Transmission Lines (Page-65), Analysis of Uniformly Coupled Lines (Page-123), Broadband Forward-Wave Directional Couplers (Page-161), Parallel-Coupled TEM Directional Couplers (Page-181), Nonuniform Broadband TEM Directional Couplers (Page-219), Tight Couplers (Page-243), Coupled-Line Filters (Page-305), Coupled-Line Circuit Components (Page-353), Baluns (Page-391), High-Speed Circuit Interconnects(Page-447), Multiconductor Transmission Lines(Page-475), |
| Statement of responsibility | |
| 650 #0 - SUBJECT ADDED ENTRY--TOPICAL TERM | |
| Topical term or geographic name entry element | Electric network analysis. |
| 9 (RLIN) | 10704 |
| 650 #0 - SUBJECT ADDED ENTRY--TOPICAL TERM | |
| Topical term or geographic name entry element | Telecommunication Engineering. |
| 700 1# - ADDED ENTRY--PERSONAL NAME | |
| Personal name | Bahl, I. J. |
| 9 (RLIN) | 96998 |
| 700 1# - ADDED ENTRY--PERSONAL NAME | |
| Personal name | Bhartia, P. |
| 9 (RLIN) | 96999 |
| 942 ## - ADDED ENTRY ELEMENTS (KOHA) | |
| Koha item type | Reference |
| Source of classification or shelving scheme | |
| Withdrawn status | Lost status | Source of classification or shelving scheme | Damaged status | Not for loan | Permanent Location | Current Location | Shelving location | Date acquired | Full call number | Barcode | Date last seen | Price effective from | Koha item type | Public note |
|---|---|---|---|---|---|---|---|---|---|---|---|---|---|---|
| Military College of Signals (MCS) | Military College of Signals (MCS) | Reference | 12/12/2016 | 621.3813,MON | MCS27896 | 12/08/2016 | 12/12/2016 | Reference | Almirah No.21, Shelf No.3 |
